00229nam a2200085Ia 4500008004100000245004200041260002200083300001200105650002600117220216s9999 xx 000 0 und d 0aCrumb rubber industry facing a threat bRubber Asiac1994 a123-124 aCrumb rubber industry